[Event "Sao Paulo ECP op 6th"]
[Site "Sao Paulo"]
[Date "2015.10.24"]
[Round "3"]
[White "Mangini, Bruno Fernandes"]
[Black "De Almeida Prado, Guilherme"]
[Result "1-0"]
[WhiteElo "1735"]
[BlackElo "1800"]
[PlyCount "76"]
[EventDate "2015.10.23"]
[EventType "swiss"]
[EventRounds "6"]
[EventCountry "BRA"]
[SourceTitle "CBM 169 Extra"]
[Source "ChessBase"]
[SourceDate "2015.12.18"]
[SourceVersion "1"]
[SourceVersionDate "2015.12.18"]
[SourceQuality "1"]

1. d4 d5 2. c4 Nf6 3. cxd5 Qxd5 4. Nc3 Qd7 5. Nf3 e6 6. Bg5 h6 7. Bxf6 gxf6 8. e3 Bb4 9. Bd3 a6 10. 0-0 Rg8 11. Ne4 Be7 12. Qc2 f5 13. Nc5 Qd8 14. e4 b6 15. Nb3 Bb7 16. Kh1 Nd7 17. exf5 Bxf3 18. gxf3 Nf6 19. fxe6 fxe6 20. Qc6+ Kf7 21. Rg1 Bd6 22. Rxg8 Qxg8 23. Rg1 Qh8 24. Be4 Rd8 25. Qc1 h5 26. Qe3 Ng4 27. fxg4 hxg4 28. Rg2 Rg8 29. Qe2 Qh4 30. d5 g3 31. Qf3+ Bf4 32. dxe6+ Ke7 33. fxg3 Bxg3 34. Qf7+ Kd6 35. Qxg8 Bxh2 36. Qf8+ Ke5 37. Qf5+ Kd6 38. Rd2+ Ke7 1-0